Khảo sát khả năng ức chế enzyme Xanthine Oxidase của cao chiết của cây húng quế (Ocimum basilium L.), kinh giới (Elsholtsia ciliata (Thunb.) Hyland.), húng chanh (Plectranthus amboinicus (Lour.) Spreng.) và sương sáo (Mesona chinensis Benth.) : Luận văn thạc sĩ. Chuyên ngành Công nghệ Sinh học
Khảo sát khả năng ức chế enzyme Xanthine Oxidase của cao chiết của cây húng quế (Ocimum basilium L.), kinh giới (Elsholtsia ciliata (Thunb.) Hyland.), húng chanh (Plectranthus amboinicus (Lour.) Spreng.) và sương sáo (Mesona chinensis Benth.) dùng làm thuốc trong điều t...
Wedi'i Gadw mewn:
| Prif Awdur: | |
|---|---|
| Fformat: | Llyfr |
| Iaith: | Undetermined |
| Cyhoeddwyd: |
Cần Thơ
Trường Đại học Cần Thơ
2016
|
| Pynciau: | |
| Tagiau: |
Ychwanegu Tag
Dim Tagiau, Byddwch y cyntaf i dagio'r cofnod hwn!
|
| Thư viện lưu trữ: | Trung tâm Học liệu Trường Đại học Cần Thơ |
|---|
| LEADER | 01354nam a2200217Ia 4500 | ||
|---|---|---|---|
| 001 | CTU_212737 | ||
| 008 | 210402s9999 xx 000 0 und d | ||
| 082 | |a 615.321 | ||
| 082 | |b D561 | ||
| 088 | |a 60420201 | ||
| 100 | |a Nguyễn, Ánh Dương | ||
| 245 | 0 | |a Khảo sát khả năng ức chế enzyme Xanthine Oxidase của cao chiết của cây húng quế (Ocimum basilium L.), kinh giới (Elsholtsia ciliata (Thunb.) Hyland.), húng chanh (Plectranthus amboinicus (Lour.) Spreng.) và sương sáo (Mesona chinensis Benth.) : | |
| 245 | 0 | |b Luận văn thạc sĩ. Chuyên ngành Công nghệ Sinh học | |
| 245 | 0 | |c Nguyễn Ánh Dương ; Nguyễn Minh Chơn (Cán bộ hướng dẫn) | |
| 260 | |a Cần Thơ | ||
| 260 | |b Trường Đại học Cần Thơ | ||
| 260 | |c 2016 | ||
| 520 | |a Khảo sát khả năng ức chế enzyme Xanthine Oxidase của cao chiết của cây húng quế (Ocimum basilium L.), kinh giới (Elsholtsia ciliata (Thunb.) Hyland.), húng chanh (Plectranthus amboinicus (Lour.) Spreng.) và sương sáo (Mesona chinensis Benth.) dùng làm thuốc trong điều trị bệnh Gout | ||
| 650 | |a Cây dược liệu,Medicinal plants | ||
| 904 | |i Nguyên | ||
| 980 | |a Trung tâm Học liệu Trường Đại học Cần Thơ | ||